| Tag |
First Indicator |
Second Indicator |
Subfields |
| LEADER |
00000cam a2200000 a 4500 |
| 001 |
in00002465415 |
| 005 |
20151110091227.0 |
| 008 |
080923s2009 gw a b 001 0 eng |
| 015 |
|
|
|a GBA8B9694
|2 bnb
|
| 016 |
7 |
|
|a 014778278
|2 Uk
|
| 020 |
|
|
|a 9783527320790 (hbk.)
|
| 020 |
|
|
|a 3527320792 (hbk.)
|
| 029 |
1 |
|
|a BWX
|b R7769695
|
| 029 |
1 |
|
|a OHX
|b har080138619
|
| 035 |
|
|
|a (OCoLC)ocn262720622
|
| 035 |
|
|
|a (OCoLC)262720622
|
| 040 |
|
|
|a UKM
|c UKM
|d YDXCP
|d BWX
|d OHX
|d TXA
|d UtOrBLW
|
| 042 |
|
|
|a pcc
|a ukblcatcopy
|
| 049 |
|
|
|a TXAM
|
| 050 |
|
4 |
|a TP159.C3
|b D47 2009
|
| 082 |
0 |
4 |
|a 541.395
|2 22
|
| 245 |
0 |
0 |
|a Design of heterogeneous catalysts :
|b new approaches based on synthesis, characterization and modeling /
|c edited by Umit S. Ozkan.
|
| 264 |
|
1 |
|a Weinheim :
|b Wiley-VCH,
|c [2009]
|
| 264 |
|
4 |
|c ©2009
|
| 300 |
|
|
|a xvii, 322 pages :
|b illustrations (some color) ;
|c 25 cm.
|
| 336 |
|
|
|a text
|b txt
|2 rdacontent
|
| 337 |
|
|
|a unmediated
|b n
|2 rdamedia
|
| 338 |
|
|
|a volume
|b nc
|2 rdacarrier
|
| 504 |
|
|
|a Includes bibliographical references and index.
|
| 650 |
|
0 |
|a Catalysts
|x Design.
|
| 650 |
|
0 |
|a Heterogeneous catalysis.
|
| 700 |
1 |
|
|a Ozkan, Umit S.,
|d 1954-
|
| 938 |
|
|
|a YBP Library Services
|b YANK
|n 100510317
|
| 938 |
|
|
|a Blackwell Book Service
|b BBUS
|n R7769695
|c $215.00
|
| 938 |
|
|
|a Otto Harrassowitz
|b HARR
|n har080138619
|
| 945 |
|
|
|a PromptCat
|b 669057
|
| 946 |
|
|
|a stk
|
| 947 |
|
|
|a A14839812318
|
| 994 |
|
|
|a C0
|b TXA
|
| 948 |
|
|
|a cataloged
|b h
|c 2009/4/9
|d c
|e nbehmer
|f 1:12:37 pm
|
| 999 |
|
|
|a MARS
|
| 999 |
f |
f |
|s 89900a84-4328-3272-a514-0998c66cb327
|i c64ec2b2-eb75-363c-a6f0-95adfbfb20dd
|t 0
|
| 952 |
f |
f |
|p ric
|a Texas A&M University
|b Rellis Campus
|c Joint Library Facility
|d Remote Storage
|t 0
|e TP159.C3 D47 2009
|h Library of Congress classification
|i unmediated -- volume
|m A14839812318
|
| 998 |
f |
f |
|a TP159.C3 D47 2009
|t 0
|l Remote Storage
|